| 000 | 01739nam a22002417a 4500 | ||
|---|---|---|---|
| 003 | URS | ||
| 005 | 20250317184620.0 | ||
| 008 | 250317b |||||||| |||| 00| 0 eng d | ||
| 050 | 0 | 0 |
_aLG 221.R59 _b.ST9468 2013 |
| 245 |
_aStudy habits of selected college Students of the University of Rizal System a metacognitive process _cLeonida Lodivico Ballega...[et.al] |
||
| 300 |
_axiv. 65 Leaves _bIllustration _c28cm |
||
| 336 |
_2rdacontent _atext |
||
| 337 |
_2rdamedia _aunmediated |
||
| 338 |
_2rdacarrier _avolume |
||
| 502 |
_aUndergraduate Thesis _bBachelor of Elementary Education _c University of Rizal System, Rodriguez, Rizal _d2013 |
||
| 520 | _aThis study aimed to determine the study habits of selected college students of the University of Rizal System Rodriguez through metacognitive process. It involved 112 selected college students who were enrolled for the school year 2011-2012. The results of the study were statistically treated with the use of frequency. percentage distribution, mean and One-way ANOVA. Based on the analyzed data, the following were the findings: On the profile of the respondents in terms of sex, most of the respondents were females with a frequency of 112 or 56.0 percent while males were 88 or 44.5 percent; In terms of year level, both 1st year and 2nd year had the same frequency of 65 or 32.5 percent, 50 or 25 percent in 3rd year and 20 or 10 percent in 4th year; In terms of birth order, there were 88 or 44 percent/ | ||
| 650 | _2the study habits of selected college | ||
| 700 |
_aBallega Leonida Lodivico _eResearcher |
||
| 700 |
_aGonzales Pandi andi Ma.Jean _eResearcher |
||
| 700 |
_aSosmena tabin Joleen _eResearcher |
||
| 700 |
_aGimeno Ferdinad _e Adviser |
||
| 942 |
_2lcc _cT |
||
| 999 |
_c82391 _d82390 |
||